Premier League teams 2001/2002 - Statistics

General Stats
  • This quiz has been taken 8 times
  • The average score is 16 of 20
Answer Stats
Position Points Team % Correct
1 87 Arsenal
100%
2 80 Liverpool
100%
6 64 Chelsea
88%
5 66 Leeds United
88%
20 28 Leicester City
88%
3 77 Manchester United
88%
11 45 Southampton
88%
9 50 Tottenham Hotspur
88%
7 53 West Ham United
88%
8 50 Aston Villa
75%
10 46 Blackburn Rovers
75%
19 30 Derby County
75%
15 43 Everton
75%
13 44 Fulham
75%
4 71 Newcastle United
75%
17 40 Sunderland
75%
16 40 Bolton Wanderers
63%
14 44 Charlton Athletic
63%
18 36 Ipswich Town
63%
12 45 Middlesbrough
63%
No matching quizzes found
Score Distribution
Percent of People with Each Score
Percentile by Number Answered
Your Score History
You have not taken this quiz